Statistical tables for biological, agricultural, and medical research

Bibliographic Details
Main Author: FISHER 1890-1962
Other Authors: Yates
Format: Book
Published: Essex, England : Longman , 1963
Edition:6th ed., rev. and enl.
Subjects:

MARC

LEADER 00000cam a2200000 7i4500
001 0000002321
005 20030527.0
090 0 0 |a 311.2   |b FIS 1963 
100 1 0 |a FISHER   |h Ronald Aylmer   |f Sir   |c 1890-1962. 
245 1 0 |a Statistical tables for biological, agricultural, and medical research   |c by Ronald A. Fisher and Frank Yates 
250 0 0 |a 6th ed., rev. and enl. 
260 0 0 |a Essex, England :   |b Longman ,   |c 1963 
300 |a x, 146 p. ;   |c 29 cm. 
500 0 0 |a Includes bibliography: p. 41-43 
650 0 0 |a Biomathematics 
650 0 0 |a Mathematical statistics 
650 0 0 |a Statistics   |x Charts, diagrams, etc. 
700 0 1 |a Yates   |h Frank 
998 |a JPSM 
999 |a 0000004046   |b Monograph   |c Open Shelf   |e Default branch